000 00682nam a2200217Ia 4500
005 20241129105744.0
008 241129s9999||||xx |||||||||||||| ||und||
020 _a978-1-138-39236-6
037 _aTB
040 _aARTS
_beng
_cARTS
041 _aeng
_2eng
084 _aS:1-4 R2
_qARTS
100 _aYoung Benjamin D. Au.; Jennings Carolyn Dicey Au.
_9724600
245 0 _aMind, cognition, and neuroscience: a philosophical introduction
_cYoung Benjamin D. Au.; Jennings Carolyn Dicey Au.
260 _aNew York, USA
_bRoutledge
_c2020
300 _axvi,523p.
365 _aUKP
_b38.99
650 _aPsychology
942 _cTB
_hS:1-4 R2
999 _c1225783
_d1225783